000
00357nam a2200133Ia 4500
008
231129s9999||||xx |||||||||||||| ||spa||
020
_a
84-306-1253-X
040
_b
spa
082
_a
190.9 A641t
100
_a
Apel karl-Otto
245
0
_a
La transformación de la filosofía
264
_a
Taurus
942
_2
ddc
_c
BKS
999
_c
18358
_d
18358